[Event "IV Torneo Parthenope"]
[Site "Napoli ITA"]
[Date "2012.03.22"]
[Round "1"]
[White "Auletta, Angelo"]
[Black "Zinnai, Graziano Matteo"]
[Result "1/2-1/2"]
[WhiteElo "2242"]
[BlackElo "1989"]
[PlyCount "80"]
[EventDate "2012.03.22"]

1. e4 e6 2. d4 d5 3. Nc3 Nf6 4. Bg5 Be7 5. e5 Nfd7 6. h4 h6 7. Bxe7 Qxe7 8. Bd3
a6 9. Nce2 c5 10. c3 Nc6 11. Rc1 b5 12. Nf3 Bb7 13. Qd2 c4 14. Bb1 a5 15. O-O
b4 16. b3 Ba6 17. Rfe1 bxc3 18. Nxc3 Rb8 19. Qf4 O-O 20. Nd2 Nb6 21. bxc4 Nxc4
22. Nxc4 Bxc4 23. Ne4 Nb4 24. Nf6+ Kh8 25. Qd2 a4 26. a3 Nc6 27. Qc2 g6 28. Qd2
Kg7 29. h5 Rb3 30. Rc3 Rfb8 31. Rxb3 Rxb3 32. hxg6 fxg6 33. Qf4 Bd3 34. Bxd3
Rxd3 35. Rc1 Rxd4 36. Qe3 Rc4 37. Rxc4 dxc4 38. Qe4 Nxe5 39. Nh5+ gxh5 40.
Qxe5+ Kg6 1/2-1/2

[Event "IV Torneo Parthenope"]
[Site "Napoli ITA"]
[Date "2012.03.22"]
[Round "1"]
[White "Buiano, Fabio"]
[Black "Avolio, Giovanni"]
[Result "1-0"]
[WhiteElo "2054"]
[BlackElo "1905"]
[PlyCount "65"]
[EventDate "2012.03.22"]

1. e4 d6 2. d4 Nf6 3. Nc3 g6 4. Nf3 Bg7 5. h3 O-O 6. Be3 c6 7. a4 a5 8. Be2 Na6
9. O-O Qc7 10. Qd2 Nb4 11. Nh2 e5 12. f4 exd4 13. Bxd4 d5 14. e5 Nd7 15. Rae1
Re8 16. Nf3 Nf8 17. Bd1 Ne6 18. g4 Bh6 19. Ng5 Bxg5 20. fxg5 Nxd4 21. Qxd4 Be6
22. Rf6 Re7 23. h4 Qd7 24. h5 gxh5 25. gxh5 Bf5 26. Rd6 Qc7 27. Re2 Rae8 28.
Qf4 Bc8 29. g6 fxg6 30. hxg6 Rg7 31. Rg2 hxg6 32. Rdxg6 Ree7 33. Qg5 1-0

[Event "IV Torneo Parthenope"]
[Site "Napoli ITA"]
[Date "2012.03.22"]
[Round "1"]
[White "Caporali, Dante"]
[Black "Caiazzo, Diego"]
[Result "1/2-1/2"]
[WhiteElo "1706"]
[BlackElo "1871"]
[PlyCount "103"]
[EventDate "2012.03.22"]

1. d4 Nf6 2. c4 e6 3. Nc3 d5 4. cxd5 exd5 5. Bg5 Be7 6. e3 c6 7. Nf3 Nbd7 8.
Bd3 O-O 9. O-O Re8 10. Rc1 Nh5 11. Bxe7 Qxe7 12. Re1 Nhf6 13. Qc2 Nf8 14. a3
Bg4 15. Ne5 Bh5 16. Be2 Bxe2 17. Qxe2 N8d7 18. Nf3 Ne4 19. h3 Ndf6 20. Nxe4
Nxe4 21. Nd2 Nxd2 22. Qxd2 Qd7 23. b4 a6 24. Rc2 Rac8 25. Rec1 h6 26. Rc3 Qf5
27. a4 Re6 28. b5 axb5 29. axb5 Rg6 30. Kh1 Qg5 31. f3 Qe7 32. bxc6 Rgxc6 33.
Rxc6 Rxc6 34. Rxc6 bxc6 35. Qc3 Qb7 36. Kg1 Qb5 37. Kf2 Qa4 38. Ke2 Qa2+ 39.
Kf1 Qb1+ 40. Kf2 Qa2+ 41. Kf1 Qa6+ 42. Kf2 Qb6 43. Ke2 Qa6+ 44. Kf2 Qb7 45. e4
Qd7 46. Qc5 Qe6 47. exd5 cxd5 48. g4 g5 49. Qb4 Kg7 50. Qd2 Qd6 51. Kg2 Qf6 52.
Qe3 1/2-1/2

[Event "IV Torneo Parthenope"]
[Site "Napoli ITA"]
[Date "2012.03.22"]
[Round "1"]
[White "De Rosa, Francesco"]
[Black "Ambrosio, Giuseppe"]
[Result "0-1"]
[WhiteElo "1951"]
[BlackElo "2079"]
[PlyCount "72"]
[EventDate "2012.03.22"]

1. e4 c5 2. Nf3 Nc6 3. d4 cxd4 4. Nxd4 Nf6 5. Nc3 d6 6. Be2 e5 7. Nb3 Be7 8.
O-O O-O 9. Bg5 Nxe4 10. Nxe4 Bxg5 11. Nxg5 Qxg5 12. Qxd6 Bf5 13. Qc5 Rac8 14.
Qb5 Bxc2 15. Bf3 Qe7 16. Rfe1 Rfe8 17. Re3 Bg6 18. Rae1 f6 19. Bxc6 Rxc6 20. f4
a6 21. Qa5 b5 22. fxe5 fxe5 23. Rxe5 Qa7+ 24. Kh1 Rf8 25. Qd2 Rcf6 26. Qd1 Qf2
27. h3 Qxb2 28. R5e2 Qc3 29. Qd5+ Bf7 30. Qb7 Bxb3 31. axb3 Qxb3 32. Re7 Qg3
33. Re8 Qd6 34. Rxf8+ Rxf8 35. Ra1 h6 36. Qxa6 Rf1+ 0-1

[Event "IV Torneo Parthenope"]
[Site "Napoli ITA"]
[Date "2012.03.22"]
[Round "1"]
[White "Esposito, Pino"]
[Black "Farina, Walter"]
[Result "1/2-1/2"]
[WhiteElo "1820"]
[BlackElo "1640"]
[PlyCount "22"]
[EventDate "2012.03.22"]

1. e4 c5 2. Nf3 d6 3. d4 cxd4 4. Nxd4 Nf6 5. Nc3 a6 6. Be2 e6 7. O-O Be7 8. Bg5
Nc6 9. Qd2 Qc7 10. Rad1 Bd7 11. Kh1 Rc8 1/2-1/2

[Event "IV Torneo Parthenope"]
[Site "Napoli ITA"]
[Date "2012.03.22"]
[Round "1"]
[White "Esposito, Rosario"]
[Black "Di Gennaro, Antonio"]
[Result "1-0"]
[WhiteElo "1854"]
[BlackElo "1672"]
[PlyCount "54"]
[EventDate "2012.03.22"]

1. d4 d5 2. c4 e6 3. Nc3 c6 4. cxd5 exd5 5. Nf3 Nf6 6. Bg5 Be7 7. e3 Bf5 8. Be2
Nbd7 9. O-O h6 10. Bxf6 Nxf6 11. a3 a5 12. Ne5 O-O 13. Rc1 Bd6 14. Na4 Re8 15.
Nc5 Qc7 16. f4 Nd7 17. g4 Bxc5 18. gxf5 Bf8 19. Bh5 Nxe5 20. fxe5 Qd8 21. Qg4
Qg5 22. Qxg5 hxg5 23. e6 fxe6 24. Bxe8 Rxe8 25. f6 gxf6 26. Rxf6 Kg7 27. Rcf1
Be7 1-0

[Event "IV Torneo Parthenope"]
[Site "Napoli ITA"]
[Date "2012.03.22"]
[Round "1"]
[White "Gallo, Thomas Renato"]
[Black "Oliveri, Aldo"]
[Result "1-0"]
[WhiteElo "1879"]
[BlackElo "1715"]
[PlyCount "54"]
[EventDate "2012.03.22"]

1. d4 d5 2. Bf4 e6 3. Nf3 c5 4. c3 Nc6 5. e3 Bd7 6. Nbd2 Nf6 7. Bd3 g6 8. h3 c4
9. Bc2 Bg7 10. Qe2 b5 11. e4 dxe4 12. Nxe4 Nxe4 13. Bxe4 O-O 14. Ne5 Rc8 15.
Nxd7 Qxd7 16. O-O Ne7 17. Rad1 Nd5 18. Bc1 f5 19. Bb1 f4 20. Rfe1 Rce8 21. Qg4
Qd6 22. h4 e5 23. dxe5 Rxe5 24. Be4 Qc5 25. Bxd5+ Rxd5 26. Qe6+ Kh8 27. Qxd5
27... Qc7 {...} 1-0

[Event "IV Torneo Parthenope"]
[Site "Napoli ITA"]
[Date "2012.03.22"]
[Round "1"]
[White "Grasso, Nino"]
[Black "Seletsky, Grigory"]
[Result "0-1"]
[WhiteElo "2010"]
[BlackElo "2325"]
[PlyCount "90"]
[EventDate "2012.03.22"]

1. e4 e6 2. d4 d5 3. Nc3 Nf6 4. Bg5 Bb4 5. e5 h6 6. Bd2 Bxc3 7. bxc3 Ne4 8. Qg4
Kf8 9. Bd3 Nxd2 10. Kxd2 c5 11. f4 Nc6 12. Nf3 Qe7 13. Rhf1 Kg8 14. a3 Bd7 15.
f5 exf5 16. Bxf5 Bxf5 17. Qxf5 cxd4 18. cxd4 Qe6 19. Qf4 Rc8 20. g4 Ne7 21.
Rab1 b6 22. Ne1 Ng6 23. Qf3 Kh7 24. Ng2 Rhd8 25. Ne3 Qc6 26. Rb3 Rd7 27. Qf5
Kg8 28. Qd3 Nf8 29. Nf5 Ne6 30. Rc3 Qa8 31. Nd6 Rxc3 32. Qxc3 Qd8 33. Qe3 Qh4
34. h3 Ng5 35. Rh1 g6 36. Kc1 Re7 37. Nc8 Re6 38. Nxa7 Ne4 39. Nb5 Rc6 40. Nd6
Nxd6 41. exd6 Rxd6 42. Qe8+ Kg7 43. Rf1 Rf6 44. Qe5 Qg5+ 45. Kb2 Qxe5 0-1

[Event "IV Torneo Parthenope"]
[Site "Napoli ITA"]
[Date "2012.03.22"]
[Round "1"]
[White "Miccoli, Livio"]
[Black "Solombrino, Giovanni"]
[Result "0-1"]
[WhiteElo "1641"]
[BlackElo "1822"]
[PlyCount "76"]
[EventDate "2012.03.22"]

1. e4 c5 2. Nc3 Nc6 3. Nge2 g6 4. g3 Bg7 5. Bg2 Nf6 6. d3 O-O 7. O-O d6 8. h3
Rb8 9. Be3 b6 10. Qd2 Bb7 11. Bh6 e6 12. g4 d5 13. Bxg7 Kxg7 14. g5 Ne8 15.
exd5 exd5 16. Nxd5 Nd4 17. Nef4 Nc7 18. Nf6 Qd6 19. c3 Qxf4 20. Ne4 Qxd2 21.
Nxd2 Ne2+ 22. Kh2 Bxg2 23. Kxg2 Nf4+ 24. Kg3 Nxd3 25. b3 Rbd8 26. Nc4 Nd5 27.
Rad1 Nxc3 28. Ra1 Rfe8 29. f4 Rd4 30. Rf3 b5 31. Ne5 Ne4+ 32. Kh2 Nxe5 33. fxe5
Rxe5 34. Raf1 Nxg5 35. Rf6 Re3 36. Ra6 Rd2+ 37. Kg1 Rg3+ 38. Kh1 Nf3 0-1

[Event "IV Torneo Parthenope"]
[Site "Napoli ITA"]
[Date "2012.03.22"]
[Round "1"]
[White "Somma, Erminio"]
[Black "Condorelli, Pietro"]
[Result "1-0"]
[WhiteElo "1597"]
[BlackElo "1811"]
[PlyCount "97"]
[EventDate "2012.03.22"]

1. d4 Nf6 2. Nf3 e6 3. e3 c5 4. c3 b6 5. Bd3 Be7 6. O-O O-O 7. e4 d6 8. Re1
Nbd7 9. d5 exd5 10. exd5 Re8 11. c4 Bb7 12. b3 Rc8 13. Bb2 Nf8 14. Qc2 Ng6 15.
Qd2 b5 16. Nc3 b4 17. Ne4 Nxe4 18. Rxe4 Bf8 19. Rae1 Rxe4 20. Rxe4 Qa5 21. a4
Qc7 22. h4 Rd8 23. h5 Ne7 24. Nh4 Bc8 25. Qg5 h6 26. Qg3 a5 27. Rf4 Re8 28. Qf3
f6 29. Qg3 Kh8 30. Ng6+ Kg8 31. Nxe7+ Qxe7 32. Rxf6 Qe1+ 33. Kh2 g5 34. Rg6+
Kf7 35. Qf3+ Ke7 36. Re6+ Bxe6 37. Qf6+ Kd7 38. dxe6+ Qxe6 39. Bf5 Qxf5 40.
Qxf5+ Kc6 41. Qf7 Re2 42. Qf3+ Kd7 43. Qxe2 Be7 44. Qe4 Kd8 45. Qh7 g4 46. Qxh6
Kd7 47. Bf6 g3+ 48. fxg3 Bf8 49. Qxf8 1-0

[Event "IV Torneo Parthenope"]
[Site "Napoli ITA"]
[Date "2012.03.22"]
[Round "1"]
[White "Supino, Domenico"]
[Black "Cosenza, Gianni"]
[Result "1-0"]
[WhiteElo "2085"]
[BlackElo "1953"]
[PlyCount "81"]
[EventDate "2012.03.22"]

1. d4 d5 2. c4 c6 3. Nf3 Nf6 4. e3 e6 5. b3 Ne4 6. Bb2 Bb4+ 7. Nbd2 Nxd2 8.
Nxd2 Nd7 9. a3 Be7 10. Bd3 Nf6 11. O-O O-O 12. Qc2 g6 13. Rac1 Bd7 14. Nf3 Be8
15. c5 Nd7 16. b4 a6 17. Nd2 Nf6 18. Nf3 Nd7 19. Nd2 Nf6 20. f3 Qc7 21. Rce1
Nh5 22. Re2 a5 23. g3 axb4 24. axb4 Bd7 25. Nb3 Ra7 26. e4 dxe4 27. fxe4 Bg5
28. Qc3 Bh6 29. Bc4 Bg7 30. Ref2 Qd8 31. g4 Qg5 32. Qf3 Nf6 33. h3 h5 34. Rg2
hxg4 35. hxg4 Ne8 36. Bc1 Qe7 37. Rh2 f5 38. gxf5 gxf5 39. exf5 Qf6 40. Qh5 Ra1
41. Qh7+ 1-0

[Event "IV Torneo Parthenope"]
[Site "Napoli ITA"]
[Date "2012.03.22"]
[Round "1"]
[White "Vena, Antonio"]
[Black "Vena, Alessio"]
[Result "1/2-1/2"]
[WhiteElo "1778"]
[BlackElo "1898"]
[PlyCount "24"]
[EventDate "2012.03.22"]

1. e4 e5 2. Nf3 Nc6 3. Bc4 Be7 4. Nc3 Nf6 5. d3 O-O 6. O-O d6 7. Bg5 Be6 8.
Bxf6 Bxf6 9. Nd5 Nd4 10. Nxf6+ Qxf6 11. Bxe6 fxe6 12. Nxd4 exd4 1/2-1/2

[Event "IV Torneo Parthenope"]
[Site "Napoli ITA"]
[Date "2012.03.29"]
[Round "2"]
[White "Ambrosio, Giuseppe"]
[Black "Buiano, Fabio"]
[Result "1-0"]
[WhiteElo "2079"]
[BlackElo "2054"]
[PlyCount "83"]
[EventDate "2012.03.22"]

1. d4 Nf6 2. Bg5 c5 3. Bxf6 exf6 4. e3 Qb6 5. b3 d5 6. Bd3 Nc6 7. c3 Be6 8. Ne2
Bd6 9. O-O Qc7 10. Ng3 g6 11. Nd2 f5 12. Rc1 Qe7 13. dxc5 Bxc5 14. c4 dxc4 15.
Bxc4 Ba3 16. Rc2 O-O 17. Bxe6 Qxe6 18. Nc4 Rad8 19. Qe2 Bb4 20. a3 Be7 21. b4
Rfe8 22. Rfc1 Bf8 23. Qf3 Rd3 24. Ne2 Red8 25. Nf4 Qe4 26. Nxd3 Rxd3 27. Qxe4
fxe4 28. Rc3 Rd5 29. Kf1 h5 30. Ke2 h4 31. Rd1 Rg5 32. g3 f5 33. b5 Ne7 34. Rd7
hxg3 35. hxg3 f4 36. exf4 Rxb5 37. Nd6 Rb2+ 38. Kd1 Bg7 39. Rcc7 e3 40. Rxe7
Rb1+ 41. Ke2 Bf8 42. Re8 1-0

[Event "IV Torneo Parthenope"]
[Site "Napoli ITA"]
[Date "2012.03.29"]
[Round "2"]
[White "Avolio, Giovanni"]
[Black "Somma, Erminio"]
[Result "1-0"]
[WhiteElo "1905"]
[BlackElo "1597"]
[PlyCount "75"]
[EventDate "2012.03.22"]

1. c4 f5 2. g3 Nf6 3. Bg2 g6 4. Nc3 Bg7 5. d4 d6 6. Nf3 O-O 7. O-O Qe8 8. d5 e5
9. dxe6 Bxe6 10. Nd4 Bc8 11. h3 a6 12. Be3 Nbd7 13. Qd2 Ne5 14. b3 Nf7 15. Rad1
Rb8 16. Qc2 c5 17. Nf3 b5 18. Ng5 Nxg5 19. Bxg5 Rb6 20. Bxf6 Bxf6 21. Nd5 Rb8
22. Qd2 Qd8 23. Nf4 Be5 24. Nd3 Bf6 25. Nf4 Be5 26. Bd5+ Kh8 27. Nxg6+ Kg7 28.
Nxf8 Qxf8 29. g4 Bf6 30. Qa5 Kh8 31. Bf3 Qg7 32. Kh2 b4 33. Rxd6 Bb7 34. Bxb7
Qxb7 35. Qxc5 Be7 36. Qd4+ Kg8 37. Qd5+ Qxd5 38. Rxd5 1-0

[Event "IV Torneo Parthenope"]
[Site "Napoli ITA"]
[Date "2012.03.29"]
[Round "2"]
[White "Caiazzo, Diego"]
[Black "Sgammato, Francesco"]
[Result "1-0"]
[WhiteElo "1871"]
[BlackElo "1722"]
[PlyCount "99"]
[EventDate "2012.03.22"]

1. Nf3 e6 2. b3 Nf6 3. Bb2 Be7 4. g3 O-O 5. Bg2 d5 6. O-O Nbd7 7. d3 b6 8. Nbd2
Bb7 9. c4 c5 10. cxd5 exd5 11. d4 Rc8 12. Rc1 h6 13. e3 Ne4 14. dxc5 bxc5 15.
Nxe4 dxe4 16. Nd2 Nf6 17. Qc2 Ba6 18. Nc4 Qd3 19. Bxf6 Qxc2 20. Rxc2 Bxf6 21.
Bxe4 Rfd8 22. Rfc1 g6 23. Kg2 Kg7 24. Na5 Be7 25. Nc6 Bb7 26. Nxe7 Bxe4+ 27. f3
Bxc2 28. Nxc8 Bxb3 29. Rxc5 Bxa2 30. Nxa7 Rd2+ 31. Kg1 Rd1+ 32. Kg2 Rd2+ 33.
Kh3 Rd7 34. Nb5 Be6+ 35. g4 h5 36. Kg3 hxg4 37. fxg4 Rd5 38. Rxd5 Bxd5 39. g5
f5 40. Kf4 Be4 41. Nd6 Bd3 42. Ke5 Bb1 43. Ke6 Ba2+ 44. Ke7 Bb3 45. Ne8+ Kg8
46. Kf6 Kh7 47. Nc7 Bc2 48. Ne6 Kg8 49. Nf4 Kh7 50. Nxg6 1-0

[Event "IV Torneo Parthenope"]
[Site "Napoli ITA"]
[Date "2012.03.29"]
[Round "2"]
[White "Condorelli, Pietro"]
[Black "Vena, Antonio"]
[Result "0-1"]
[WhiteElo "1811"]
[BlackElo "1778"]
[PlyCount "54"]
[EventDate "2012.03.22"]

1. e4 d6 2. d4 Nf6 3. Nc3 e5 4. dxe5 dxe5 5. Qxd8+ Kxd8 6. Bg5 Be6 7. O-O-O+
Bd6 8. Nf3 Nbd7 9. Bb5 h6 10. Bh4 Ke7 11. h3 g5 12. Bg3 Nh5 13. Bh2 Nf4 14. Bf1
f6 15. g4 h5 16. Bxf4 exf4 17. gxh5 Rxh5 18. Bg2 Bc5 19. Nd4 Bxd4 20. Rxd4 Ne5
21. Nd5+ Bxd5 22. Rxd5 f3 23. Bf1 Rd8 24. Rb5 b6 25. a4 Ng4 26. a5 Nxf2 27. Rh2
Nxh3 0-1

[Event "IV Torneo Parthenope"]
[Site "Napoli ITA"]
[Date "2012.03.29"]
[Round "2"]
[White "Cosenza, Gianni"]
[Black "Gallo, Thomas Renato"]
[Result "1/2-1/2"]
[WhiteElo "1953"]
[BlackElo "1879"]
[PlyCount "93"]
[EventDate "2012.03.22"]

1. e4 e5 2. Nf3 Nc6 3. Bb5 Nf6 4. d3 Bd6 5. c3 h6 6. Nbd2 Na5 7. b4 c6 8. Ba4
b5 9. Bc2 Nb7 10. a4 c5 11. axb5 cxb4 12. cxb4 Bxb4 13. Nxe5 Bc3 14. Nxf7 Kxf7
15. Bb3+ d5 16. Ba3 Be6 17. Rc1 Qa5 18. exd5 Bxd2+ 19. Qxd2 Qxd2+ 20. Kxd2 Nxd5
21. Bxd5 Bxd5 22. Rc7+ Kg6 23. Bb2 Rhg8 24. h4 Rac8 25. Rhc1 Rxc7 26. Rxc7 Bxg2
27. Kc3 Nd6 28. Kb4 Nxb5 29. h5+ Kh7 30. Re7 Nd6 31. Be5 Nc8 32. Rc7 Bh3 33. d4
Bg4 34. d5 Bxh5 35. d6 Nxd6 36. Bxd6 a6 37. Be5 Be2 38. Ra7 h5 39. Kc3 h4 40.
Kd2 Bb5 41. Ke3 Kh6 42. Kf3 h3 43. Kg3 Bf1 44. f4 Kg6 45. Kg4 Be2+ 46. Kxh3 Kf5
47. Rxg7 1/2-1/2

[Event "IV Torneo Parthenope"]
[Site "Napoli ITA"]
[Date "2012.03.29"]
[Round "2"]
[White "De Rosa, Francesco"]
[Black "Somma, Andrea"]
[Result "1/2-1/2"]
[WhiteElo "1951"]
[BlackElo "1807"]
[PlyCount "172"]
[EventDate "2012.03.22"]

1. e4 d5 2. exd5 Qxd5 3. Nc3 Qa5 4. d4 Nf6 5. Bd2 c6 6. Nf3 Bf5 7. Bc4 e6 8.
Ne5 Bb4 9. O-O Nbd7 10. a3 Bxc3 11. Bxc3 Qc7 12. b4 Nxe5 13. dxe5 Nd5 14. Bd4
b6 15. Bb3 Rd8 16. Qd2 O-O 17. c4 Ne7 18. Qe3 Bg4 19. Bb2 Rd7 20. f3 Bf5 21.
Rad1 Rfd8 22. Rxd7 Rxd7 23. Bd4 Qd8 24. Bc3 Rd3 25. Qc1 h5 26. Rd1 Ng6 27. g3
Ne7 28. Kf2 Kf8 29. Rxd3 Qxd3 30. Qd2 Qxd2+ 31. Bxd2 f6 32. Bc3 Kf7 33. Ke3 Bh3
34. exf6 gxf6 35. Kf2 Nf5 36. Bc2 Nd6 37. Bd3 Bf5 38. Be2 c5 39. bxc5 bxc5 40.
Ba5 Bb1 41. Bc7 Nf5 42. g4 hxg4 43. fxg4 Nd4 44. Bd6 Nxe2 45. Kxe2 a6 46. Bxc5
e5 47. Be3 f5 48. gxf5 Bxf5 49. h4 Ke6 50. Kf3 Kf6 51. c5 Ke6 52. Bg5 Kd7 53.
h5 Ke6 54. h6 Kd7 55. Kg3 Ke6 56. Kh4 Bg6 57. Be3 Be4 58. Kg5 Bh7 59. Bd2 Kd5
60. Be3 Ke6 61. Bf2 Be4 62. Kg4 Kd5 63. Be3 Ke6 64. Kg3 Kd5 65. Kf2 Bh7 66. Ke2
Kc6 67. Kd2 Be4 68. Kc3 Bh7 69. Kc4 Bb1 70. a4 Bc2 71. a5 Bh7 72. Bg5 Bg8+ 73.
Kb4 Kd5 74. Bf6 e4 75. Bg5 Bh7 76. Be3 Bf5 77. Kc3 Bh7 78. Kd2 Kc6 79. Ke1 Kd5
80. Kf2 Ke6 81. Kg3 Bg6 82. Kf4 Bh7 83. Kg5 Ke7 84. Bf4 Ke6 85. Bd2 Kd5 86. Bb4
e3 1/2-1/2

[Event "IV Torneo Parthenope"]
[Site "Napoli ITA"]
[Date "2012.03.29"]
[Round "2"]
[White "Di Gennaro, Antonio"]
[Black "Miccoli, Livio"]
[Result "1-0"]
[WhiteElo "1672"]
[BlackElo "1641"]
[PlyCount "47"]
[EventDate "2012.03.22"]

1. e4 e6 2. d4 d5 3. Nc3 Nf6 4. Bg5 Bb4 5. e5 h6 6. Bd2 Nfd7 7. Qg4 g5 8. h4 h5
9. Qxg5 Be7 10. Qg7 Rf8 11. Nf3 c5 12. dxc5 Nxc5 13. Ng5 Nc6 14. Bb5 f6 15.
Qg6+ Kd7 16. exf6 Bxf6 17. Qxh5 Kc7 18. O-O-O a6 19. Bxc6 bxc6 20. Nxd5+ Kb8
21. Nxf6 Qxf6 22. Nh7 Qh8 23. Qxc5 Rxf2 24. Qxf2 1-0

[Event "IV Torneo Parthenope"]
[Site "Napoli ITA"]
[Date "2012.03.29"]
[Round "2"]
[White "Di Meo, Antonio"]
[Black "Schiappoli, Dario"]
[Result "0-1"]
[WhiteElo "1951"]
[BlackElo "1953"]
[PlyCount "84"]
[EventDate "2012.03.22"]

1. b3 e5 2. Bb2 Nc6 3. e3 d5 4. Bb5 Bd6 5. f4 Qh4+ 6. g3 Qe7 7. Nf3 f6 8. O-O
Bg4 9. Qe1 Bh3 10. Rf2 Nh6 11. Bf1 Bg4 12. fxe5 fxe5 13. Nc3 Be6 14. Bg2 e4 15.
Nd4 Nxd4 16. exd4 Ng4 17. Rf1 Nxh2 18. Nxe4 dxe4 19. Qxe4 Nxf1 20. Rxf1 c6 21.
c4 O-O-O 22. d5 Bd7 23. Qxe7 Bxe7 24. Bxg7 Rhg8 25. Be5 Rdf8 26. Rb1 Rg5 27. d4
Bc5 28. b4 Rxe5 29. dxc5 Re2 30. b5 Rff2 31. Bh1 Bf5 32. Rd1 Rd2 33. Re1 cxb5
34. d6 Rfe2 35. Rf1 Be4 36. Rf8+ Kd7 37. Rf7+ Ke8 38. Re7+ Kd8 39. Kf1 Rf2+ 40.
Kg1 Bxh1 41. cxb5 Bd5 42. Rxh7 Rg2+ 0-1

[Event "IV Torneo Parthenope"]
[Site "Napoli ITA"]
[Date "2012.03.29"]
[Round "2"]
[White "Farina, Walter"]
[Black "Caporali, Dante"]
[Result "0-1"]
[WhiteElo "1640"]
[BlackElo "1706"]
[PlyCount "72"]
[EventDate "2012.03.22"]

1. e4 e6 2. d4 d5 3. Nd2 Nf6 4. e5 Nfd7 5. Bd3 c5 6. c3 Nc6 7. Ne2 cxd4 8. Nxd4
Ncxe5 9. Bc2 Qb6 10. O-O Bd6 11. Qh5 Nf6 12. Qe2 O-O 13. h3 Bd7 14. a4 a6 15.
Kh1 Rac8 16. g4 g6 17. f4 Nc6 18. N2f3 Nxd4 19. Nxd4 Qc7 20. Qf3 b5 21. axb5
axb5 22. h4 Bc5 23. Be3 Ne4 24. Bxe4 dxe4 25. Qxe4 Bxd4 26. Qxd4 Bc6+ 27. Kg1
Qe7 28. g5 Rfd8 29. Qb6 e5 30. Rf2 exf4 31. Bxf4 Qe4 32. Kh2 Qe6 33. Raf1 Rd3
34. Bg3 Qg4 35. Rg1 Qe6 36. Bf4 Rh3# 0-1

[Event "IV Torneo Parthenope"]
[Site "Napoli ITA"]
[Date "2012.03.29"]
[Round "2"]
[White "Messina, Enrico"]
[Black "Supino, Domenico"]
[Result "1-0"]
[WhiteElo "2163"]
[BlackElo "2085"]
[PlyCount "35"]
[EventDate "2012.03.22"]

1. e4 c5 2. d4 cxd4 3. c3 dxc3 4. Nxc3 e6 5. Nf3 Nc6 6. Bc4 a6 7. O-O Nge7 8.
Bg5 f6 9. Be3 Ng6 10. Bb3 b5 11. Nd5 exd5 12. exd5 Nce5 13. d6 Bb7 14. Nxe5
fxe5 15. f4 Nxf4 16. Rxf4 Qc8 17. Qh5+ Kd8 18. Bb6+ 1-0

[Event "IV Torneo Parthenope"]
[Site "Napoli ITA"]
[Date "2012.03.29"]
[Round "2"]
[White "Seletsky, Grigory"]
[Black "Auletta, Angelo"]
[Result "1/2-1/2"]
[WhiteElo "2325"]
[BlackElo "2242"]
[PlyCount "122"]
[EventDate "2012.03.22"]

1. e4 c5 2. Nf3 e6 3. Nc3 Nc6 4. Bb5 Qc7 5. O-O Nge7 6. Re1 a6 7. Bxc6 Nxc6 8.
d4 cxd4 9. Nxd4 d6 10. b3 Be7 11. Bb2 O-O 12. Nxc6 bxc6 13. f4 d5 14. Qf3 d4
15. Ne2 c5 16. c3 dxc3 17. Qxc3 Bf6 18. e5 Be7 19. Ng3 Bb7 20. f5 Bh4 21. f6
gxf6 22. Nh5 f5 23. Qh3 Qd8 24. Nf6+ Bxf6 25. exf6 Kh8 26. Rad1 Bd5 27. Re3 Rg8
28. Rg3 Rxg3 29. Qxg3 Qg8 30. Qg7+ Qxg7 31. fxg7+ Kg8 32. Rc1 Rc8 33. Kf2 Rc6
34. Bf6 e5 35. Bxe5 f6 36. Bf4 Kxg7 37. Rc3 c4 38. b4 Kf7 39. g3 Rb6 40. a3 Re6
41. Be3 Re7 42. Bc5 Rd7 43. Ke3 Be6 44. Bd4 Bd5 45. a4 Bc6 46. Rxc4 Bxa4 47.
Rc5 Ke6 48. Rc8 Bb5 49. Bc5 Rd1 50. Rb8 Re1+ 51. Kd4 Re2 52. h4 Rd2+ 53. Ke3
Rd3+ 54. Kf2 f4 55. gxf4 Kf5 56. Rb6 Kxf4 57. Rxf6+ Kg4 58. Be3 Rb3 59. Rf4+
Kh5 60. Bc5 Kg6 61. Rf3 Rxf3+ 1/2-1/2

[Event "IV Torneo Parthenope"]
[Site "Napoli ITA"]
[Date "2012.03.29"]
[Round "2"]
[White "Solombrino, Giovanni"]
[Black "Borrelli, Salvatore"]
[Result "1/2-1/2"]
[WhiteElo "1822"]
[BlackElo "1960"]
[PlyCount "48"]
[EventDate "2012.03.22"]

1. e4 e6 2. d4 d5 3. Nd2 c5 4. c3 dxe4 5. Nxe4 cxd4 6. cxd4 Bb4+ 7. Nc3 Nc6 8.
Nf3 Nf6 9. Bg5 h6 10. Bxf6 Qxf6 11. Bb5 Bd7 12. O-O O-O 13. Qb3 Bxc3 14. bxc3
a6 15. Bxc6 Bxc6 16. Ne5 Rfc8 17. Nxc6 Rxc6 18. Qxb7 Rxc3 19. Qxa6 Qxd4 20. a4
Rac8 21. a5 Rc2 22. Rab1 Qd5 23. Qa7 R2c7 24. Qb6 Qc4 1/2-1/2

[Event "IV Torneo Parthenope"]
[Site "Napoli ITA"]
[Date "2012.03.29"]
[Round "2"]
[White "Vannini, Aldo"]
[Black "Esposito, Rosario"]
[Result "0-1"]
[WhiteElo "1798"]
[BlackElo "1854"]
[PlyCount "100"]
[EventDate "2012.03.22"]

1. d4 Nf6 2. Bf4 g6 3. e3 Bg7 4. Nf3 O-O 5. Be2 d6 6. h3 b6 7. O-O Bb7 8. c3
Nbd7 9. Nbd2 c5 10. Bh2 Qc7 11. Re1 Rac8 12. a4 Ne4 13. Nxe4 Bxe4 14. Ng5 Bb7
15. Bf3 Bxf3 16. Nxf3 Qb7 17. Qe2 d5 18. e4 dxe4 19. Qxe4 Qxe4 20. Rxe4 e6 21.
dxc5 Nxc5 22. Re2 Rfd8 23. Be5 Rd7 24. Bxg7 Kxg7 25. a5 Nb3 26. Ra4 Nxa5 27.
Nd4 Rc4 28. Ra1 Nc6 29. Nf3 Rc5 30. Kf1 Rcd5 31. Ke1 Na5 32. Nd4 e5 33. Nf3 Nb3
34. Rb1 Nc5 35. Rd2 Nd3+ 36. Kf1 e4 37. Nd4 Nc5 38. Ke2 f5 39. Rbd1 Nd3 40. Kf1
Kf6 41. g3 Ra5 42. Ke2 Rc7 43. Ke3 Ra2 44. Rb1 Ne5 45. Ke2 Rc4 46. h4 Rca4 47.
Nb5 Nd3 48. Na3 a5 49. Kd1 b5 50. Kc2 R4xa3 0-1

[Event "IV Torneo Parthenope"]
[Site "Napoli ITA"]
[Date "2012.03.29"]
[Round "2"]
[White "Vena, Alessio"]
[Black "Taurisano, Vincenzo"]
[Result "0-1"]
[WhiteElo "1898"]
[BlackElo "1865"]
[PlyCount "129"]
[EventDate "2012.03.22"]

1. e4 d6 2. Nf3 Nf6 3. d3 g6 4. g3 Bg7 5. Bg2 c5 6. O-O Nc6 7. c3 O-O 8. Re1
Qc7 9. h3 Rb8 10. d4 Nd7 11. Be3 b5 12. Qd2 b4 13. Bh6 cxd4 14. Bxg7 Kxg7 15.
cxd4 e5 16. Rd1 Qb6 17. Qe3 Nf6 18. d5 Qxe3 19. fxe3 Na5 20. Nbd2 Ba6 21. Bf1
Bxf1 22. Kxf1 Rfc8 23. Rdc1 Nb7 24. a3 bxa3 25. Rxc8 Rxc8 26. Rxa3 a5 27. g4
Nc5 28. Rxa5 Nfxe4 29. b4 Nxd2+ 30. Nxd2 Nd3 31. Ra6 Nxb4 32. Rxd6 Rc5 33. e4
Rc3 34. h4 Rg3 35. Rb6 Nc2 36. Rb3 Rxg4 37. d6 Nd4 38. d7 Ne6 39. Rb8 Rxh4 40.
Re8 Rh1+ 41. Ke2 Rh2+ 42. Ke1 Rh3 43. Rxe6 Rd3 44. Rxe5 Rxd7 45. Ke2 Rd6 46.
Re7 h5 47. Ke3 Kf6 48. Re8 Re6 49. Rh8 Ra6 50. Nf3 Ra5 51. Rg8 Ra7 52. Kf4 Ra4
53. Rf8 Kg7 54. Rb8 Ra7 55. Nd2 f6 56. Rb6 Re7 57. Nf3 Kf7 58. e5 Re6 59. Rb7+
Re7 60. Rb8 Kg7 61. exf6+ Kxf6 62. Ng5 Kg7 63. Rb6 Re1 64. Nf3 Rf1 65. Kg3 0-1

[Event "IV Torneo Parthenope"]
[Site "Napoli ITA"]
[Date "2012.03.29"]
[Round "2"]
[White "Zinnai, Graziano Matteo"]
[Black "Grasso, Nino"]
[Result "1-0"]
[WhiteElo "1989"]
[BlackElo "2010"]
[PlyCount "93"]
[EventDate "2012.03.22"]

1. e4 e5 2. Nf3 Nc6 3. d3 Nf6 4. c3 d5 5. Nbd2 a5 6. Be2 Bc5 7. O-O O-O 8. b3
d4 9. Bb2 Re8 10. a3 dxc3 11. Bxc3 Bd4 12. Qc2 Bxc3 13. Qxc3 Bg4 14. Rfe1 Bxf3
15. Nxf3 Qd6 16. Rec1 Rad8 17. Qc5 Re6 18. b4 axb4 19. axb4 Ne8 20. b5 Nd4 21.
Nxd4 exd4 22. Qxd6 Rexd6 23. f4 Rb6 24. Rc5 Kf8 25. e5 c6 26. bxc6 Rxc6 27. Rb5
b6 28. Bf3 Re6 29. Bd5 Nc7 30. Bxe6 Nxb5 31. Bc4 Nc7 32. Ra7 Nd5 33. g3 g6 34.
Kf2 h5 35. Kf3 Ke8 36. Rb7 Ne3 37. Bxf7+ Kf8 38. Bxg6 Nd5 39. Be4 Nc3 40. Rxb6
Kg7 41. Rd6 Rxd6 42. exd6 Kf6 43. Bc6 Ke6 44. d7 Ke7 45. f5 Nb1 46. f6+ Kd8 47.
f7 1-0